000 01927nam a2200277 4500
001 429
003 OSt
005 20250624112800.0
008 250624b |||||||g |||| 00| e eng d
020 _a9788543104508
040 _bpor
041 _hpor
082 _a158.1
_bP925p
100 1 _aPrem Baba, Sri
_d1965-
_9929
245 _aPropósito -
_bA coragem de ser quem somos /
_cPrem Baba, Sri ;
260 _aRio de Janeiro
_bSextante
_c2016
300 _a156 p.
500 _aEm Propósito, Sri Prem Baba expande o diálogo amoroso a que sempre se propôs, abordando temas que têm a ver com os anseios mais íntimos do ser humano. Aqui o leitor vai vislumbrar o horizonte de um trajeto precioso que o levará ao interior de si mesmo. Quando chegar ao seu destino, encontrará o Propósito de sua existência. Essa viagem será vigorosa, transformadora e única, mas poderá ser realizada com serenidade. Por que existimos? Qual é a nossa missão durante esta vida? Sri Prem Baba é um mestre em ensinar o caminho do amor que renova os fundamentos da existência e pode alterar os rumos da vida pessoal e coletiva. O líder humanitário afirma que “não somos uma gota d’água no oceano”, pois “o amor nos faz ser o próprio oceano”. Também explica que a paisagem interna deverá ser esquadrinhada para que possamos discernir amorosamente qual é o nosso papel no mundo. O livro está dividido em sete partes. Ao longo das seis primeiras, que tratam do nascimento à transcendência, o leitor encontrará as coordenadas para fazer a própria viagem interior. Na sétima, aprenderá as chaves práticas que vão guiar suas descobertas rumo ao despertar do amor.
650 0 _aLiteratura Brasileira
_9205
650 0 _aDesenvolvimento Pessoal
_9546
650 0 _aAutoajuda
_9755
650 0 _aEspiritualidade
_916
650 0 _aYoga
_9930
655 0 _aNão Ficção
_9102
942 _2ddc
_n0
_cBK
999 _c429
_d429